Pixar Movies Stats

Can you name the full-length feature films produced by Pixar Animation Studios?

Classic
You Got
0%
Avg Score
36%
Avg Friend Score
Score
0/26
Timer
03:00
46 Plays Today
Year Movie Title % Correct
1995Toy Story
95.4%
1999Toy Story 2
89.8%
2010Toy Story 3
89.4%
2001Monsters, Inc.
76.4%
2003Finding Nemo
75.4%
2006Cars
73.7%
2017Cars 3
73.4%
2011Cars 2
72.3%
2019Toy Story 4
72.1%
2009Up
68.6%
2018Incredibles 2
67.2%
2008WALL-E
65.3%
1998A Bug's Life
64.7%
Year Movie Title % Correct
2020Soul
62.1%
2004The Incredibles
60.9%
2016Finding Dory
57%
2021Luca
55.6%
2017Coco
55.4%
2012Brave
55%
2013Monsters University
53.5%
2022Turning Red
52.6%
2015Inside Out
49.9%
2022Lightyear
46%
2007Ratatouille
42%
2015The Good Dinosaur
38.7%
2020Onward
38.6%

Quiz Scoreboard

May contain spoilers

More to Explore

You Might Also Like...

Today's Top Quizzes in Movies

Browse Movies

Today's Top Quizzes in Movie Titles

Browse Movie Titles

Showdown Scoreboard

More By:
Derek

Quiz Plays Rating Category Featured Created
4,668,455 4.66 Sports May 20, 2008
2,989,793 4.65 Sports Apr 1, 2008
2,775,357 4.59 Miscellaneous May 6, 2009
2,681,719 4.41 Movies Jun 29, 2009
1,980,724 4.66 Sports May 15, 2008

Go to Creator's Profile

Score Distribution

Your Account Isn't Verified!

In order to create a playlist on Sporcle, you need to verify the email address you used during registration. Go to your Sporcle Settings to finish the process.

Report this User

Report this user for behavior that violates our Community Guidelines.

Details: